000 00390 a2200109 4500
050 _aBS2330.2
_b.M96 1999
100 _aMurrell, Stanford E.
_98218
245 _aThe new covenant in Christ :
_b a survey of the New Testament /
_cby Standford, E. Murrell.
260 _aPensacola , FL:
_bMt. Zion Publications ;
_cc1999.
300 _a [8], 180 p. :
_bmaps, charts ;
_c21 cm.
942 _2lcc
_cBK
_n0
999 _c3938
_d3938